|
|
|
|
| LEADER |
00000nam0a2200000 4500 |
| 001 |
36369 |
| 005 |
20231031001713.0 |
| 035 |
|
|
|a (RuTPU)RU\TPU\book\36840
|
| 035 |
|
|
|a BOOK00003492
|
| 090 |
|
|
|a 36369
|
| 100 |
|
|
|a 20011210d1987 k y0rusy50 ca
|
| 101 |
0 |
|
|a rus
|
| 102 |
|
|
|a UA
|
| 105 |
|
|
|a a 000|y
|
| 200 |
1 |
|
|a Экология и теория эволюции
|e Методологический аспект
|f Н. П. Депенчук, В. С. Крисаченко
|
| 210 |
|
|
|a Киев
|c Наука думка
|d 1987
|
| 215 |
|
|
|a 240 с.
|
| 610 |
1 |
|
|a экология
|
| 610 |
1 |
|
|a эволюция
|
| 610 |
1 |
|
|a теория
|
| 675 |
|
|
|a 574
|v 3
|
| 675 |
|
|
|a 575
|v 3
|
| 700 |
|
1 |
|a Депенчук
|g Надежда Павловна
|
| 701 |
|
1 |
|a Крисаченко
|g Валентина Семеновна
|
| 801 |
|
0 |
|a UA
|b 63413507
|c 20011210
|g PSBO
|
| 801 |
|
2 |
|a RU
|b 63413507
|c 20160903
|g RCR
|
| 900 |
|
|
|a Экология
|
| 942 |
|
|
|c BK
|